00225nam a22000617a 4500008004100000100003500041245008700076160922b xxu||||| |||| 00| 0 eng d aBahani, Nadir Hussain b86ME56 aExperimental Study of Over all Performance of a Turbo Jet Engine Test Set (Thesis)